000 00546nam a2200229Ia 4500
003 OSt
005 20220918202327.0
006 a|||||r|||| 00| 0
007 ta
008 220917b |||||||| |||| 00| 0 eng d
024 _a100,396
037 _cTextual
040 _aARTS
_cARTS
_beng
041 _2eng
_aeng
082 _aV2:914, J7
100 _aIndra
245 0 _aIdeologies of War and peace ancient India
260 _c1957
650 _aHISTORY
942 _hV2:914, J7
_cTEXL
_2CC
999 _c223925
_d223925